Waterloo Road - Statistics

General Stats
  • This quiz has been taken 567 times
  • The average score is 21 of 51
Answer Stats
Roles Additional Roles Duration Answer (Character Name) % Correct
English Teacher Deputy Head 2006-2013 Tom Clarkson
95%
English Teacher Housemaster 2006-2013 Grantly Budgen
91%
Head of Pastoral Care Art Teacher 2006–2007, 2009–2010 Kim Campbell
88%
French Teacher Head of Pastoral Care 2006–2010 Steph Haydock
81%
Head Teacher 2006–2007, 2008 Jack Rimmer
77%
Head Teacher 2007-2010 Rachel Mason
73%
Head of Drama 2006-2007 Izzie Redpath
71%
Deputy Head Teacher Science Teacher 2009-2011 Christopher Mead
70%
Pupil School Secretary 2006-2009, 2010-2012 Janeece Bryant
70%
Deputy Head Teacher English Teacher 2006-2007, 2009 Andrew Treneman
67%
English Teacher 2006-2007 Lorna Dickey
67%
School Secretary Teaching Assistant 2007-2009 Davina Shackleton
62%
Head Teacher 2010-2011 Karen Fisher
59%
Head of Drama Head of Music 2007–2009, 2011–2012 Matt Wilding
59%
Parent Canteen Assistant 2009-2010, 2011 Rose Kelly
59%
Deputy Head Teacher English Teacher 2007-2009 Eddie Lawson
58%
Head of MFL 2009-2010 Jo Lipsett
54%
Head of Food Technology 2009-2011 Ruby Fry
52%
Executive Head 2009 Max Tyler
47%
Pupil Canteen Assistant 2006-2007 Lewis Seddon
45%
Senior Canteen Assistant 2007-2009 Candice Smilie
44%
Head Teacher 2011-2013 Michael Byrne
43%
English Teacher Head Teacher 2012- Christine Mulgrew
41%
English Teacher 2007-2009 Jasmine Koreshi
41%
Deputy Head Teacher Science Teacher 2011-2013 Sian Diamond
41%
Maths Teacher 2011-2013, 2014- Daniel Chalk
39%
Head of PE 2011-2012 Jez Diamond
38%
Senior Canteen Assistant Home Economics Teacher 2012- Maggie Budgen
36%
Head of PE 2009 Rob Cleaver
34%
Head of Spanish 2010-2011 Francesca Montoya
33%
English Teacher 2009 Helen Hopewell
29%
English Teacher Head of PRU 2012, 2013-2014 Nikki Boston
29%
School Secretary 2006 Estelle Cooper
28%
Deputy Head Teacher Acting Head Teacher 2013- Simon Lowsley
28%
Healthy Schools Co-ordinator 2010 Adam Fleet
27%
History Teacher 2012- Audrey McFall
26%
School Secretary 2007-2009 Bridget Morley
25%
Security Guard 2009 Dave Miller
24%
Head of Modern Languages Deputy Head Teacher 2013- George Windsor
23%
Science Teacher 2013- Sue Lowsley
23%
School Secretary 2012- Sonya Donnegan
20%
Parent Canteen Assistant 2013- Carol Barry
18%
PE Teacher 2014- Hector Reid
16%
Geography Teacher 2010-2011 Marcus Kirby
16%
Head of Extended Services 2009 Melissa Ryan
16%
Head of English 2011-2012 Linda Radleigh
15%
Supply Teacher 2010 Charlie Fisher
13%
English Teacher 2011 Eleanor Chaudry
12%
Head of Pastoral Care 2011 Adanna Lawal
10%
Acting Head of Science 2013 Esther Fairclough
6%
Teaching Assistant 2013 Princess Windsor
5%
No matching quizzes found
Score Distribution
Percent of People with Each Score
Percentile by Number Answered
Your Score History
You have not taken this quiz